LEADER 01135nam a2200193 i 4500 001 000000252685 003 CaOOAMICUS 005 20170127000000.0 008 170127s1881 it u000 u ita u 013 $a231590 040 $aSeMil$bita 245 13$aIl giubileo sacerdotale di Sua Eccellenza Reverendissima Monsignor Luigi Nazari di Calabiana arcivescovo di Milano celebrato il 28 e 29 maggio 1881 :$bmemorie raccolte e pubblicate a cura della Commissione promotrice. 260 $aMilano :$bDitta Serafino Majocchi,$c1881. 300 $a140 p. ;$c24 cm. 650 4$aNazari di Calabiana, Luigi - Celebrazioni.$0(OLS)http://semarc/subject/16743 850 $aSeMil 852 $aSeMil$W1$xVenegono$y1$m3O III 34 FA$j203031$B203031$CSeMilBibl$Z2$F215754 $8I 996 $6245$aIl giubileo sacerdotale di Sua Eccellenza Reverendissima Monsignor Luigi Nazari di Calabiana arcivescovo di Milano celebrato il 28 e 29 maggio 1881 :$bmemorie raccolte e pubblicate a cura della Commissione promotrice$9(OLS)http://semarc/title/138642 996 $6260$aMilano :$bDitta Serafino Majocchi$9(OLS)http://semarc/publisher/43986 LEADER 01488nam a2200289 i 4500 001 000000114832 003 CaOOAMICUS 005 20241203103346.0 008 030430s2003 gw u000 u ger u 013 $a87520 020 $a3-11-017434-0 040 $aSeMil$bita 100 1 $aHeil, Christoph.$0(OLS)http://semarc/name/47993 245 10$aLukas und Q :$bstudien zur lukanischen Redaktion des Spruchevangeliums Q /$cChristoph Heil. 260 $aBerlin ; New York :$bDe Gruyter,$c2003. 300 $aX, 444 p. ;$c24 cm. 490 0 $aBeihefte zur Zeitschrift für die neutestamentliche Wissenschaft und die Kunde der älteren Kirche ;$v111 650 4$aBibbia - NT - Vangelo dei Detti Q - Sinottici.$0(OLS)http://semarc/subject/20701 650 4$aBibbia. Nuovo Testamento. Vangelo secondo Luca - Commentari, studi, critica, interpretazioni.$0(OLS)http://semarc/subject/142 830 0$aBeihefte zur Zeitschrift für die neutestamentliche Wissenschaft und die Kunde der älteren Kirche ;$v111.$0(OLS)http://semarc/title/296 850 $aSeMil 852 $aSeMil$W1$xVenegono$y1$m2XA R 111$j252740$B70375$CSeMilBibl$Z2$F75172 $81 961 $aSottoscrizione: De Gruyter 996 $6020$a3-11-017434-0$9(OLS)http://semarc/number/98329 996 $6245$aLukas und Q :$bstudien zur lukanischen Redaktion des Spruchevangeliums Q$9(OLS)http://semarc/title/167968 996 $6260$aBerlin ; New York :$bDe Gruyter$9(OLS)http://semarc/publisher/29892